000
00335nam a2200145Ia 4500
008
090124s9999 xx 000 0 und d
082
_b
204957
245
_a
HEROES OF THE WORLD
250
_a
1
260
_b
GILL M.S.
_c
1996
300
_a
419
630
_a
HEROES OF THE WORLD
730
_a
HEROES OF THE WORLD
942
_c
BOOK
999
_c
186538
_d
186538